Psych-Lassiter - Statistics

General Stats
  • This quiz has been taken 25 times
  • The average score is 3 of 8
Answer Stats
Hint Answer % Correct
First name? Carlton
96%
Does he have kids? Yes
88%
Wife/Girlfriend's name? Marlowe
40%
Fav type of bomb? Landmine
28%
Phobia of? Snowglobes
28%
Episode where he sleeps on a couch with Woodrow Strode? Last night guys
4%
Middle name? Francis
0%
Collects? (other than guns) Miniature Figuarines
0%
No matching quizzes found
Score Distribution
Percent of People with Each Score
Percentile by Number Answered
Your Score History
You have not taken this quiz